00367nam a2200121Ia 4500008004100000245002600041245001800067260000900085650001100094856004800105999001900153952007300172171211s9999 xx 000 0 und d a349 Views of Scotland cDavid Squires c2016 xTRAVEL uhttp://down.ebook777.com/059/1849951713.pdf c349218d349218 001040aCLbCLd2017-12-11l0r2017-12-11 00:00:00w2017-12-11yCBE